Open Data Biblioteca Nacional de Portugal


República Portuguesa: Ministério da Cultura
Biblioteca Nacional de Portugal

Catálogo da BNP: acesso por Identificadores Unívocos
Registos Bibliográficos associados ao registo de autoridade

Etiqueta de registo: 00254nam 2200025 450
001 2278958
003 http://id.bnportugal.gov.pt/bib/catbnp/2278958
100 ## $a20260310d2025 k y0pory01030103ba
101 0# $apor$deng
102 ## $aPT
105 ## $aa m 000yy
106 ## $ar
200 1# $a O contributo da informação geográfica gerada pelo cidadão nas relações de governança e no incremento da cidadania$fRui Manuel Pires Dias$gorient. Rui Pedro Julião
210 #9 $aLisboa$c[s.n.],$d2025
215 ## $aXIII, 197, [9] f.$cil.$d30 cm
215 ## $a1 CD-ROM
305 ## $aEd. impressa e em CD-ROM
307 ## $aEd. impressa não contém curriculum vitae
328 #1 $aTese dout. Geografia e Planeamento Territorial, Faculdade de Ciências Sociais e Humanas, Universidade NOVA de Lisboa, 2025
675 ## $a528.88(043)$vBN$zpor$31231199
675 ## $a911.3(469)(043)$vBN$zpor$3852818
675 ## $a352.07(469)(043)$vBN$zpor$31244758
700 #1 $aDias,$bRui Manuel Pires,$f1975-$31990597
702 #1 $aJulião,$bRui Pedro,$f1965-$4727$3127255
801 #0 $aPT$bBN$gRPC
966 ## $lBN$mDEM$sS.A. 60081 P.$x1
966 ## $lBN$mFGMON$sS.A. 193381 V.$x1
971 ## $cssilva$d20260310
973 ## $ctrodrigues$d20260326
975 ## $e0$d20260421$viquintas

OpendataBNP@bnportugal.pt | Mais informação sobre acesso aos dados BNP